Breve estudio sobre la familia

Guardat en:
Dades bibliogràfiques
Autor principal: Rossel Saavedra, Enrique (Autor)
Format: Llibre
Idioma:espanyol
Publicat: Santiago Jurídica de Chile 1954
Matèries:
Etiquetes: Afegir etiqueta
Sense etiquetes, Sigues el primer a etiquetar aquest registre!

MARC

LEADER 00000nam a2200000 a 4500
001 UCY6574
003 CL-VaPUC
008 950529e19540000CL |||||||||||||||||spa|d
082 0 4 |a 346.015  |b ROS  |2 21 
100 0 |a Rossel Saavedra, Enrique  |e author  |9 336572 
245 1 0 |a Breve estudio sobre la familia 
300 |a 148 p 
942 |c BK 
945 |d 19950529 00:00:00  |a aalvarez 
260 |a Santiago  |b Jurídica de Chile  |c 1954 
650 0 |a Derecho de familia  |9 255603 
650 7 |a RESPONSABILIDAD DEL PADRE DE FAMILIA  |2 CL-VaPUC  |9 336573 
650 7 |a MATRIMONIO  |2 CL-VaPUC  |9 336574 
583 |a last modification  |c 19950529 00:00:00  |k Rodrigo Vera 
999 |c 234130  |d 234128 
952 |0 0  |1 0  |4 0  |6 346_015000000000000_ROS_1954  |7 0  |8 A  |9 240144  |a BIBDER  |b BIBDER  |d 2019-11-18  |i 2000563  |o 346.015 ROS 1954  |p 2000563  |r 2023-01-25  |w 2019-11-18  |y BK  |k DER